Geografía Sudamericana #2 - Estadísticas

Estadísticas generales
  • Esta prueba ha sido intentada 1.936 veces
  • La puntuación promedio es 14 de 20
Estadísticas de respuestas
Pregunta Respuesta % Correcto
¿Cuáles son los dos países sudamericanos sin litoral? Bolivia
97%
¿Cuáles son los dos países sudamericanos sin litoral? Paraguay
96%
¿Qué capital sudamericana empieza con la letra Q? Quito
95%
¿Qué objeto es presente en las banderas de Argentina y Uruguay? Sol de Mayo
95%
¿Cuál es la principal exportación de agricultura de Colombia? Café
88%
¿Qué mar se ubica al norte de Colombia y Venezuela? Caribe
81%
¿Cuál es la ciudad más poblada de sudamérica? São Paulo
81%
Los europeos vieron esta isla chilena por primera vez en el domingo 5 de abril de 1722. ¿Cuál es? Isla de Pascua
76%
¿Qué archipiélago ecuatoriano famosamente se visitó por Charles Darwin? Islas Galápagos
76%
¿De qué región se componen el sur de Argentina y Chile? Patagonia
71%
¿Qué conjunto de cataratas se encuentra en la frontera de Argentina y Brasil? Cataratas del Iguazú
68%
¿Cuál es la moneda de Brasil? Real brasileño
62%
¿Qué ciudad solo se fundó en 1960 pero hoy tiene una población mayor de 2,5 millón? Brasilia
61%
Chile produce más de este ingrediente de las baterías que cualquier otro país. ¿Cuál es? Litio
61%
¿Qué ciudad peruana antiguamente fue la capital del Imperio inca? Cusco
57%
¿Cuál es el roedor más grande del mundo? (Pista: vive casi enteramente en sudamerica) Capibara
54%
¿Cómo se llama la región francesa que se ubica en sudamérica? Guayana Francesa
51%
¿Cuál es el punto más austral de Tierra del Fuego? Cabo de {Hornos}
44%
¿Qué ciudad, empezando con R, es una de las más orientales de sudamerica? Recife
36%
¿En qué ciudad se encuentra la incompleta Torre de David que albergó unos 2 500 ocupantes ilegales hasta 2015? Caracas
33%
No se encontraron pruebas coincidentes
Distribución de puntuación
Porcentaje de gente con cada puntuación
Porcentaje por número respondido
Historial de tus puntuaciones
No has intentado esta prueba.